Joseph J. Roberts family papers, (Record no. 43984)
[ view plain ]
| 000 -LEADER | |
|---|---|
| fixed length control field | 01968cpcaa2200445 a 4500 |
| 001 - CONTROL NUMBER | |
| control field | mm 83061507 |
| 003 - CONTROL NUMBER IDENTIFIER | |
| control field | DLC |
| 005 - DATE AND TIME OF LATEST TRANSACTION | |
| control field | 20260227111720.0 |
| 007 - PHYSICAL DESCRIPTION FIXED FIELD--GENERAL INFORMATION | |
| fixed length control field | cr ||||||||||| |
| 008 - FIXED-LENGTH DATA ELEMENTS--GENERAL INFORMATION | |
| fixed length control field | 831012|||||||||||| eng |
| 010 ## - LIBRARY OF CONGRESS CONTROL NUMBER | |
| LC control number | mm 83061507 |
| 040 ## - CATALOGING SOURCE | |
| Original cataloging agency | DLC |
| Transcribing agency | DLC |
| Modifying agency | DLC |
| Description conventions | dacs |
| 072 #7 - SUBJECT CATEGORY CODE | |
| Subject category code | B |
| Source | lcmd |
| 100 1# - MAIN ENTRY--PERSONAL NAME | |
| Personal name | Roberts, Joseph J. |
| Fuller form of name | (Joseph Jenkins), |
| Dates associated with a name | 1809-1876. |
| 245 00 - TITLE STATEMENT | |
| Title | Joseph J. Roberts family papers, |
| Inclusive dates | 1839-2001. |
| 300 ## - PHYSICAL DESCRIPTION | |
| Extent | 30 |
| Type of unit | items. |
| 300 ## - PHYSICAL DESCRIPTION | |
| Extent | 1 |
| Type of unit | container plus |
| Extent | 1 |
| Type of unit | oversize. |
| 300 ## - PHYSICAL DESCRIPTION | |
| Extent | 5 |
| Type of unit | microfiches. |
| 300 ## - PHYSICAL DESCRIPTION | |
| Extent | 1 |
| Type of unit | microfilm reel. |
| 300 ## - PHYSICAL DESCRIPTION | |
| Extent | 0.2 |
| Type of unit | linear feet. |
| 506 0# - RESTRICTIONS ON ACCESS NOTE | |
| Terms governing access | Open to research. |
| 520 8# - SUMMARY, ETC. | |
| Summary, etc. | Correspondence, land grants, ship registrations, wills, genealogical material, photographs, and other papers relating chiefly to land sales by the Liberian government and to acquisition of property in Liberia by the Davis and Roberts families. |
| 533 ## - REPRODUCTION NOTE | |
| Type of reproduction | In part, handwritten transcripts. |
| Place of reproduction | [S.l.]. |
| 533 ## - REPRODUCTION NOTE | |
| Type of reproduction | Microfiche of selected land grants, ship registrations, and wills in private hands. |
| Place of reproduction | [S.l.]. |
| 533 ## - REPRODUCTION NOTE | |
| Type of reproduction | Microfilm of selected correspondence, land grants, and wills in private hands. |
| Place of reproduction | [S.l.]. |
| 535 1# - LOCATION OF ORIGINALS/DUPLICATES NOTE | |
| Custodian | Private |
| 545 0# - BIOGRAPHICAL OR HISTORICAL DATA | |
| Biographical or historical data | President of Liberia. |
| 546 ## - LANGUAGE NOTE | |
| Language note | Collection material in English. |
| 555 8# - CUMULATIVE INDEX/FINDING AIDS NOTE | |
| Cumulative index/finding aids note | Finding aid available in the Library of Congress Manuscript Reading Room and at |
| Uniform Resource Identifier | <a href="http://hdl.loc.gov/loc.mss/eadmss.ms010242">http://hdl.loc.gov/loc.mss/eadmss.ms010242</a> |
| 600 30 - SUBJECT ADDED ENTRY--PERSONAL NAME | |
| Personal name | Davis family. |
| 600 30 - SUBJECT ADDED ENTRY--PERSONAL NAME | |
| Personal name | Roberts family. |
| 650 #0 - SUBJECT ADDED ENTRY--TOPICAL TERM | |
| Topical term or geographic name entry element | Land grants |
| Geographic subdivision | Liberia. |
| 650 #0 - SUBJECT ADDED ENTRY--TOPICAL TERM | |
| Topical term or geographic name entry element | Real property |
| Geographic subdivision | Liberia. |
| 656 #7 - INDEX TERM--OCCUPATION | |
| Occupation | Presidents |
| Geographic subdivision | Liberia. |
| Source of term | itoamc |
| 856 4# - ELECTRONIC LOCATION AND ACCESS | |
| Materials specified | Finding aid |
| Uniform Resource Identifier | <a href="http://hdl.loc.gov/loc.mss/eadmss.ms010242">http://hdl.loc.gov/loc.mss/eadmss.ms010242</a> |
| 856 4# - ELECTRONIC LOCATION AND ACCESS | |
| Materials specified | Finding aid (PDF) |
| Uniform Resource Identifier | <a href="http://hdl.loc.gov/loc.mss/eadmss.ms010242.3">http://hdl.loc.gov/loc.mss/eadmss.ms010242.3</a> |
No items available.